000 00580nam a2200205Ia 4500
003 GCL
008 140319s9999 xx 000 0 eng d
040 _aGCL /
_cGCL
082 0 4 _a006.45
_bL S
100 1 _aLOVINFOSSE, JEAN-PIERRE
245 1 0 _aSAUND BLASTER FACILE ET LE MULTIMEDIA /
_cLOVINFOSSE, JEAN-PIERRE
260 _a[S.N] :
_bMARABOUT UNIVERSITE ،
_c1993
300 _a370 P
490 _aMARABOUT
_v0
650 0 4 _aCOMPUTER SOFTWARE
650 0 4 _aMS - DOS ( COMPUTER OPERATING SYSTEM )
650 0 4 _aCOMPUTER PROGRM
650 0 4 _aMULTIMEDIA
942 _2ddc
_cBK
999 _c22716
_d22716